000 01052nam a22002657a 4500
005 20170503115257.0
010 _aENG-118016
020 _a9781107080263 (hardback)
_c795.00
035 _aEN-101548
037 _bDBAD/PUB
082 0 0 _a320.5570954
_223
100 1 _aIslam, Maidul.
245 1 0 _aLimits of Islamism :
_bJamaat-e-Islami in contemporary India and Bangladesh /
_cMaidul Islam.
260 _aNew Delhi
_bCambridge University Press
_c2015
300 _ax, 345 pages ;
_c24 cm.(Hb)
504 _aIncludes bibliographical references and index.
520 _a"Focuses on Islamism as a political ideology by taking up the case study of Jamaat-e-Islami in contemporary India and Bangladesh"--
610 2 0 _aJamāʻat-i Islāmī (India)
610 2 0 _aJāmāẏāte Isalāmī Bāṃlādeśa.
650 0 _aIslamic fundamentalism
_zIndia.
650 0 _aIslamic fundamentalism
_zBangladesh.
650 0 _aIslam and politics
_zIndia.
650 0 _aIslam and politics
_zBangladesh.
942 _2ddc
_cEN
_h320.5570954
_mISL
999 _c139456
_d139456